| 000 | 00632nam a2200241Ia 4500 | ||
|---|---|---|---|
| 003 | OSt | ||
| 005 | 20221005132748.0 | ||
| 006 | a|||||r|||| 00| 0 | ||
| 007 | ta | ||
| 008 | 221004b |||||||| |||| 00| 0 ben d | ||
| 020 | _c170 | ||
| 024 | _a716 | ||
| 037 |
_b21, 20/03/2009, Mukta Dhara _cTextual |
||
| 040 |
_aCRL _cCRL _bben |
||
| 041 |
_2ben _aben |
||
| 082 | _aO157,3N10x, P6 | ||
| 100 | _aGhosh Subodh | ||
| 245 | 0 | _aUttaranar galpa | |
| 260 | _c2006 | ||
| 650 | _aBENGALI LITERATURE | ||
| 942 |
_hO157,3N10x, P6 _cTEXL _2cc |
||
| 999 |
_c1064730 _d1064730 |
||